000 00277nam a2200109Ia 4500
008 220204s9999 xx 000 0 und d
082 _a025.43
_bWEB
245 0 _aWebster's new world thesaurus
260 _aFontana
_bCollin world
_c1971
700 _aLaird, Charlton
942 _cBK
999 _c26914
_d26914